Southville International School and Colleges
Your cart is empty.
  • Cart
  • Lists
    Public lists Eva Luna New books Lux_list list_1
    Your lists Log in to create your own lists
  • Log in to your account
  • Your cookies
  • Search history
Southville International School and Colleges
  • Advanced search
  • Recent comments
  • Most popular
  • Libraries

Log in to your account

Log in with GOOGLE


If you do not have an external account, but do have a local account, you can still log in:

  1. Home
  2. MARC view: Cat on the mat /
Normal view MARC view ISBD view

Cat on the mat / (Record no. 104339)

[ view plain ]
MARC details
000 -LEADER
fixed length control field 00561nam a2200205 a 4500
003 - CONTROL NUMBER IDENTIFIER
control field 001
005 - DATE AND TIME OF LATEST TRANSACTION
control field 20151110153443.0
008 - FIXED-LENGTH DATA ELEMENTS--GENERAL INFORMATION
fixed length control field 000901s19uu xx 00 eng d
020 ## - INTERNATIONAL STANDARD BOOK NUMBER
International Standard Book Number 0-19-272355-3
050 ## - LIBRARY OF CONGRESS CALL NUMBER
Classification number BB
Item number Ca28 1999
100 ## - MAIN ENTRY--PERSONAL NAME
Personal name Wildsmith, Brian
245 ## - TITLE STATEMENT
Title Cat on the mat /
Statement of responsibility, etc Brian Wildsmith.
260 ## - PUBLICATION, DISTRIBUTION, ETC. (IMPRINT)
Place of publication, distribution, etc Great Calderon St., Oxford :
Name of publisher, distributor, etc Oxford University Press,
Date of publication, distribution, etc 1999.
300 ## - PHYSICAL DESCRIPTION
Extent 1 v. (unp.) ; ill.
440 ## - SERIES STATEMENT/ADDED ENTRY--TITLE
Title Oxford
650 ## - SUBJECT ADDED ENTRY--TOPICAL TERM
Topical term or geographic name as entry element Cats stories-Fiction
650 ## - SUBJECT ADDED ENTRY--TOPICAL TERM
Topical term or geographic name as entry element Children's stories-Fiction
942 ## - ADDED ENTRY ELEMENTS (KOHA)
Source of classification or shelving scheme Library of Congress Classification
Koha item type Books
Holdings
Withdrawn status Lost status Damaged status Use restrictions Home library Current library Shelving location Date acquired Source of acquisition Total Checkouts Full call number Barcode Date last seen Price effective from Koha item type
        Elizalde Library Elizalde Library Big Books Section 09/01/2000     BB Cu97 1999 E7376 04/12/2014 04/12/2014 Books

Cat on the mat /

APA

Wildsmith B., . (1999). Cat on the mat. Great Calderon St., Oxford: Oxford University Press.

Chicago

Wildsmith Brian, . 1999. Cat on the mat. Great Calderon St., Oxford: Oxford University Press.

Harvard

Wildsmith B., . (1999). Cat on the mat. Great Calderon St., Oxford: Oxford University Press.

MLA

Wildsmith Brian, . Cat on the mat. Great Calderon St., Oxford: Oxford University Press. 1999.

  • Place hold
  • Print
  • Cite
  • Add to your cart (remove)
  • Save record
    BIBTEX Dublin Core MARCXML MARC (non-Unicode/MARC-8) MARC (Unicode/UTF-8) MARC (Unicode/UTF-8, Standard) MODS (XML) RIS
  • More searches
    Search for this title in:
    Other Libraries (WorldCat) Other Databases (Google Scholar) Online Stores (Bookfinder.com) Open Library (openlibrary.org)

Exporting to Dublin Core...

SOUTHVILLE LIBRARY

Southville International School and Colleges Library

1281 Tropical Ave. Cor. Luxembourg St., BF Homes International, Las Pinas City

Tel. No. 8256374 / 252358 Loc. 117/146

Powered by Koha